[Event "Santa Margalida Mallorca-ch"]
[Site "Santa Margalida"]
[Date "2016.12.03"]
[Round "8"]
[White "Llado Tomas, Miquel"]
[Black "Vicens Company, Maria Antonia"]
[Result "1-0"]
[WhiteElo "1727"]
[BlackElo "1836"]
[PlyCount "57"]
[EventDate "2016.11.11"]
[EventType "swiss"]
[EventRounds "8"]
[EventCountry "ESP"]
[SourceTitle "EXT 2018"]
[Source "ChessBase"]
[SourceDate "2017.10.13"]
[SourceVersion "1"]
[SourceVersionDate "2017.10.13"]
[SourceQuality "1"]

1. c4 f5 2. g3 c6 3. Bg2 g6 4. Nf3 Bg7 5. 0-0 Nh6 6. d4 Nf7 7. Bf4 d6 8. Nc3 0-0 9. d5 e5 10. dxe6 Bxe6 11. Qd3 g5 12. Qe3 Bxc4 13. Bxg5 Nxg5 14. Nxg5 Qf6 15. Qf4 Bf7 16. Nxf7 Rxf7 17. Rad1 Bf8 18. e4 Nd7 19. exf5 Nc5 20. g4 Rd8 21. Rfe1 h5 22. h3 hxg4 23. hxg4 Rg7 24. Re3 Rf7 25. b4 Ne6 26. Rxe6 Qxc3 27. Qg5+ Rg7 28. Qxd8 Rxg4 29. Rg6+ 1-0

[Event "Santa Margalida Mallorca-ch"]
[Site "Santa Margalida"]
[Date "2016.11.25"]
[Round "5"]
[White "Cerdo Fernandez, Miguel"]
[Black "Llado Tomas, Miquel"]
[Result "0-1"]
[WhiteElo "1907"]
[BlackElo "1727"]
[PlyCount "55"]
[EventDate "2016.11.11"]
[EventType "swiss"]
[EventRounds "8"]
[EventCountry "ESP"]
[SourceTitle "EXT 2018"]
[Source "ChessBase"]
[SourceDate "2017.10.13"]
[SourceVersion "1"]
[SourceVersionDate "2017.10.13"]
[SourceQuality "1"]

1. e4 c5 2. Nf3 d6 3. d4 cxd4 4. Nxd4 Nf6 5. Nc3 g6 6. Be2 Bg7 7. 0-0 0-0 8. Kh1 Nc6 9. Be3 Bd7 10. f4 Rc8 11. Bf3 a6 12. Qd2 Na5 13. b3 Qc7 14. Nd5 Nxd5 15. exd5 Qc3 16. Qf2 b5 17. Be4 Nb7 18. Rad1 Nc5 19. Bf3 Qa5 20. Ne6 Bxe6 21. dxe6 Nxe6 22. Qh4 Bf6 23. Qg3 Qc3 24. f5 Be5 25. Qh3 Qxe3 26. fxe6 f5 27. Bd5 Rc3 28. Rc1 0-1

[Event "Palma Bellon Memorial U16"]
[Site "Palma"]
[Date "2016.04.29"]
[Round "1"]
[White "Llado Tomas, Miquel"]
[Black "Amengual Perello, Jordi"]
[Result "1-0"]
[WhiteElo "1718"]
[BlackElo "1406"]
[PlyCount "54"]
[EventDate "2016.04.29"]
[EventType "swiss"]
[EventRounds "6"]
[EventCountry "ESP"]
[SourceTitle "EXT 2024"]
[Source "ChessBase"]
[SourceDate "2023.10.10"]
[SourceVersion "1"]
[SourceVersionDate "2023.10.10"]
[SourceQuality "1"]

1. c4 c5 2. g3 g6 3. Bg2 Bg7 4. Nf3 Nf6 5. 0-0 0-0 6. Nc3 Nc6 7. d4 d5 8. cxd5 Nxd5 9. Nxd5 Qxd5 10. dxc5 Qxc5 11. Be3 Qb5 12. Nd4 Qxb2 13. Rb1 Qxa2 14. Nxc6 bxc6 15. Bxc6 Bh3 16. Bxa8 Bxf1 17. Bd5 Qa5 18. Kxf1 Rd8 19. Bxf7+ Kxf7 20. Qb3+ Kf8 21. Qb7 a6 22. Bb6 Qd5 23. Bxd8 Qxd8 24. Qb8 Qxb8 25. Rxb8+ Kf7 26. Ra8 a5 27. Rxa5 Ke6 1-0

[Event "Palma Mallorca-ch U16"]
[Site "Palma"]
[Date "2016.02.19"]
[Round "3.1"]
[White "Lopez Lopez, Xisco"]
[Black "Llado Tomas, Miquel"]
[Result "0-1"]
[WhiteElo "1448"]
[BlackElo "1694"]
[PlyCount "72"]
[EventDate "2016.02.05"]
[EventType "swiss"]
[EventRounds "6"]
[EventCountry "ESP"]
[SourceTitle "EXT 2024"]
[Source "ChessBase"]
[SourceDate "2023.10.10"]
[SourceVersion "1"]
[SourceVersionDate "2023.10.10"]
[SourceQuality "1"]

1. d4 Nf6 2. c4 g6 3. Nc3 Bg7 4. e4 d6 5. h3 0-0 6. Bg5 e5 7. dxe5 dxe5 8. Qxd8 Rxd8 9. Nd5 Nbd7 10. Rd1 Rf8 11. Nxc7 Rb8 12. f3 Nb6 13. c5 Na4 14. b4 a6 15. Rd2 b5 16. Nd5 Nxd5 17. exd5 e4 18. Rc2 exf3 19. Nxf3 Bf5 20. Re2 Nc3 21. Rd2 Rfe8+ 22. Kf2 Ne4+ 23. Kg1 Nxd2 24. Bxd2 Bb1 25. d6 Bxa2 26. Kf2 Bd5 27. Bd3 a5 28. bxa5 Bxf3 29. Kxf3 Bd4 30. c6 Ra8 31. a6 Rxa6 32. Rc1 Ra3 33. Kg4 h5+ 34. Kg5 Re5+ 35. Kh6 Rd5 36. Bxg6 Bg7# 0-1

[Event "Mallorca La Goleta U2200"]
[Site "Palma de Mallorca"]
[Date "2012.08.24"]
[Round "6"]
[White "Ramis Sebastia, Jordi Salvador"]
[Black "Llado Tomas, Miquel"]
[Result "0-1"]
[WhiteElo "1706"]
[BlackElo "1534"]
[PlyCount "60"]
[EventDate "2012.08.10"]
[EventType "swiss"]
[EventRounds "7"]
[EventCountry "ESP"]
[SourceTitle "EXT 2014"]
[Source "ChessBase"]
[SourceDate "2013.11.20"]
[SourceVersion "1"]
[SourceVersionDate "2013.11.20"]
[SourceQuality "1"]

1. d4 Nf6 2. c4 g6 3. Nc3 Bg7 4. e4 d6 5. f4 0-0 6. Be2 c5 7. d5 e6 8. Nf3 exd5 9. cxd5 b5 10. e5 dxe5 11. fxe5 Ng4 12. Bf4 b4 13. Na4 Qa5 14. 0-0 Bd7 15. b3 Bxa4 16. bxa4 Qb6 17. Kh1 Nd7 18. Rb1 Ngxe5 19. a3 a5 20. Bb5 Nxf3 21. Rxf3 Ne5 22. Re3 f6 23. Qe2 Rfd8 24. Rd1 Rac8 25. Bxe5 fxe5 26. Qc4 Kh8 27. Red3 Rd6 28. Rb1 Rcd8 29. Rh3 Rxd5 30. Qh4 Rd1+ 0-1

[Event "ESP-ch U12"]
[Site "Salobrena"]
[Date "2012.07.02"]
[Round "2.1"]
[White "Lopez Mulet, Inigo"]
[Black "Llado Tomas, Miquel"]
[Result "1-0"]
[WhiteElo "1957"]
[BlackElo "1547"]
[PlyCount "51"]
[EventDate "2012.07.02"]
[EventType "swiss"]
[EventRounds "9"]
[EventCountry "ESP"]
[SourceTitle "EXT 2024"]
[Source "ChessBase"]
[SourceDate "2023.10.10"]
[SourceVersion "1"]
[SourceVersionDate "2023.10.10"]
[SourceQuality "1"]

1. d4 Nf6 2. c4 g6 3. Nc3 Bg7 4. e4 d6 5. g3 0-0 6. Bg2 e5 7. Nge2 Nc6 8. d5 Ne7 9. 0-0 a5 10. h3 Nd7 11. f4 exf4 12. Nxf4 Nc5 13. Be3 b6 14. Rc1 c6 15. dxc6 Nxc6 16. Rf2 Qe7 17. e5 Bb7 18. Nfd5 Qxe5 19. Bf4 Qd4 20. Nb5 Qxd1+ 21. Rxd1 Ba6 22. Nxb6 Rab8 23. Bxd6 Rfd8 24. Rfd2 Rxb6 25. Bxc5 Rxd2 26. Rxd2 1-0